000 01040cam a2200253 4500
008 020301n2000 000 0 eng u
020 _a0922154589
035 _a(Sirsi) u116927
041 _aeng.
050 _a333.3320973c18
100 _aAkerson, C.
245 _aCapitalization theory and techniques study guide
250 _a2nd ed.
260 _aChicago
_bAppraisal Institute
_c2000
300 _avii, 230p.
_c29cm.
350 _a35
520 _aA useful resource for practitioners and students of the income capitalization approach to value. The text is divided into three parts. Part 1 serves as a basic course of instruction in the income capitalization approach to value, and builds a foundation for the study of the discounting and analytical techniques and procedures, which are covered in Parts 2 and 3.
650 _aINCOME CAPITALIZATION APPROACH
650 _aValuation
_96273
650 _aCAPITALIZATION
650 _aUNITED STATES
690 _aPROPERTY-PROPERTY APPRAISAL AND VALUATION
942 _n0
999 _c101920
_d101920